<?xml version="1.0" encoding="UTF-8"?>
<resp>
  <nextPage>https://data.bn.org.pl/api/networks/bibs.marcxml?marc=001+b1000000374749&amp;sinceId=1000000374750</nextPage>
  <collection>
    <record xmlns='http://www.loc.gov/MARC21/slim'><leader>01706nkm a2200457 i 4500</leader><controlfield tag='001'>b1000000374749</controlfield><controlfield tag='005'>20250119025116.8</controlfield><controlfield tag='007'>kj#ao#</controlfield><controlfield tag='008'>190710s1900    xx nnn            anpol  </controlfield><controlfield tag='009'>9910813861505606</controlfield><datafield ind1=' ' ind2=' ' tag='035'><subfield code='a'>(PL)b1000000374749</subfield></datafield><datafield ind1=' ' ind2=' ' tag='040'><subfield code='a'>WA N</subfield><subfield code='c'>WA N</subfield><subfield code='d'>WA N</subfield></datafield><datafield ind1=' ' ind2=' ' tag='046'><subfield code='k'>1900~</subfield><subfield code='2'>edtf</subfield></datafield><datafield ind1='0' ind2='0' tag='245'><subfield code='a'>Figura Zbawiciela na Snipiszkach w Wilnie.</subfield></datafield><datafield ind1=' ' ind2=' ' tag='260'><subfield code='c'>[przed 1900].</subfield></datafield><datafield ind1=' ' ind2=' ' tag='300'><subfield code='a'>1 grafika :</subfield><subfield code='b'>staloryt ;</subfield><subfield code='c'>kompozycja 9,2x5,3 cm.</subfield></datafield><datafield ind1=' ' ind2=' ' tag='336'><subfield code='a'>Obraz</subfield><subfield code='b'>sti</subfield><subfield code='2'>rdacontent</subfield></datafield><datafield ind1=' ' ind2=' ' tag='337'><subfield code='a'>Bez urządzenia pośredniczącego</subfield><subfield code='b'>n</subfield><subfield code='2'>rdamedia</subfield></datafield><datafield ind1=' ' ind2=' ' tag='338'><subfield code='a'>Arkusz</subfield><subfield code='b'>nb</subfield><subfield code='2'>rdacarrier</subfield></datafield><datafield ind1=' ' ind2=' ' tag='380'><subfield code='a'>Grafiki</subfield></datafield><datafield ind1='1' ind2=' ' tag='388'><subfield code='a'>1801-1900</subfield></datafield><datafield ind1=' ' ind2=' ' tag='500'><subfield code='a'>Tytuł pod kompozycją.</subfield></datafield><datafield ind1='0' ind2='7' tag='600'><subfield code='a'>Jezus Chrystus</subfield><subfield code='2'>DBN</subfield></datafield><datafield ind1=' ' ind2='7' tag='650'><subfield code='a'>Kościół św. Rafała Archanioła (Wilno)</subfield><subfield code='2'>DBN</subfield></datafield><datafield ind1=' ' ind2='7' tag='650'><subfield code='a'>Męka Pańska</subfield><subfield code='2'>DBN</subfield></datafield><datafield ind1=' ' ind2='7' tag='651'><subfield code='a'>Wilno (Litwa)</subfield><subfield code='2'>DBN</subfield></datafield><datafield ind1=' ' ind2='7' tag='655'><subfield code='a'>Staloryt</subfield><subfield code='2'>DBN</subfield></datafield><datafield ind1=' ' ind2='7' tag='655'><subfield code='a'>Przedstawienia dewocyjne (sztuki plastyczne)</subfield><subfield code='2'>DBN</subfield></datafield><datafield ind1='0' ind2=' ' tag='730'><subfield code='a'>Album Wileńskie</subfield><subfield code='n'>Seria 5</subfield></datafield><datafield ind1=' ' ind2=' ' tag='852'><subfield code='b'>48OMNIS_NETWORK</subfield><subfield code='8'>9910813861505606</subfield></datafield><datafield ind1=' ' ind2=' ' tag='852'><subfield code='b'>48OMNIS_NLOP</subfield><subfield code='8'>991052547416205066</subfield></datafield><datafield ind1=' ' ind2=' ' tag='852'><subfield code='8'>22591357860005066</subfield><subfield code='j'>0</subfield><subfield code='h'>Neg.92989</subfield><subfield code='b'>BN_PL</subfield><subfield code='p'>888a0249821</subfield><subfield code='c'>bamf</subfield></datafield><datafield ind1=' ' ind2=' ' tag='852'><subfield code='8'>22591357890005066</subfield><subfield code='j'>1</subfield><subfield code='h'>G.11624/I</subfield><subfield code='b'>BN_PL</subfield><subfield code='p'>888a0249817</subfield><subfield code='c'>bikon</subfield><subfield code='z'>odbitka w koronkowej ramce</subfield></datafield><datafield ind1=' ' ind2=' ' tag='950'><subfield code='u'>https://eu05.alma.exlibrisgroup.com/view/uresolver/48OMNIS_NETWORK/openurl?u.ignore_date_coverage=true&amp;portfolio_pid=53683036830005066&amp;Force_direct=true</subfield><subfield code='z'>Zobacz w Polonie sygnatura: G.11624/I</subfield><subfield code='8'>53683036830005066</subfield></datafield></record>
  </collection>
</resp>
